| 000 | 00485nam a2200169Ia 4500 | ||
|---|---|---|---|
| 003 | Ost | ||
| 005 | 20260225132555.0 | ||
| 008 | 260225s9999||||xx |||||||||||||| ||und|| | ||
| 040 | _cfsic | ||
| 041 | _afre | ||
| 082 | _a440 | ||
| 100 |
_aZahir Ihaddaden _eAuteur |
||
| 245 | 0 | _aLa Presse musulmane algérienne de 1830 à 1930 / | |
| 245 | 0 | _cZahir Ihaddaden | |
| 246 | _aالصحافة الإسلامية الجزائرية من بدايتها إلى سنة 1930 | ||
| 942 | _cكتاب | ||
| 999 |
_c34400 _d34400 |
||